World Megacities That End in a Vowel - Statistics

General Stats
  • This quiz has been taken 152 times
    32 since last reset
  • The average score is 23 of 30
Answer Stats
Population Agglomeration % Correct
41.3 m Tokyo
100%
13.6 m Rio de Janeiro
97%
22.7 m São Paulo
97%
36.9 m Delhi
94%
42.3 m Shanghai
94%
23.2 m Cairo
90%
29.8 m Jakarta
87%
25.6 m Mexico City
87%
28.1 m Mumbai
87%
10.8 m Bogotá
84%
23.7 m Dhaka
84%
73.6 m Guangzhou
84%
21.8 m Karachi
81%
18.1 m Kolkata
81%
12.2 m Lima
81%
27.1 m Manila
81%
17.7 m Osaka
81%
18.3 m Chengdu
77%
13.3 m Chennai
77%
16.9 m Kinshasa
77%
15.3 m Bangalore
71%
15.0 m Lahore
65%
10.5 m Nagoya
61%
10.2 m Taipei
61%
22.6 m New York City
58%
14.7 m Ho Chi Minh City
52%
10.4 m Luanda
52%
14.7 m Hangzhou
48%
11.6 m Changsha
42%
10.5 m Zhengzhou
35%
No matching quizzes found
Score Distribution
Percent of People with Each Score
Percentile by Number Answered
Your Score History
You have not taken this quiz since the last reset